Detalles MARC
| 000 -LEADER |
| longitud fija campo de control |
02026nam a22003617a 4500 |
| 003 - IDENTIFICADOR DE NUMERO DE CONTROL |
| control del campo |
AR-RoUNA |
| 005 - FECHA DE LA ULTIMA MODIFICACION |
| control del campo |
20251022124257.0 |
| 008 - CAMPO DE CONTROL - LIBROS |
| longitud fija campo de control |
251022b |||||||| |||| 00| 0 spa d |
| 020 ## - INTERNATIONAL STANDARD BOOK NUMBER |
| ISBN |
950-9840-43-2 |
| 040 ## - ORIGEN DE LA CATALOGACION |
| Agencia que cataloga la obra original |
AR-RoUNA |
| Idioma en que se cataloga |
spa |
| Entidad que modifico el registro |
AR-RoUNA |
| 041 ## - CODIGO DE IDIOMA |
| Codigo de idioma del texto / sonido o titulo separado |
spa |
| 044 ## - CODIGO DE PAIS / ENTIDAD PRODUCTORA |
| Codigo MARC del pais |
ag |
| 110 2# - ASIENTO PRINCIPAL - AUTOR INSTITUCIONAL |
| Nombre corporativo o de jurisdiccion como elemento de entrada |
Universidal Nacional del Litoral. |
| Unidad subordinada |
Facultad de Arquitectura y Urbanismo |
| 9 (RLIN) |
27515 |
| 245 10 - TITULO PROPIAMENTE DICHO |
| Titulo |
Inventario |
| Subtitulo |
: 200 obras del patrimonio arquitectónico de Santa Fe. |
| Mencion de responsabilidad, etc |
dirección académica Carlos María Reinante; compilación Miriam Bessone; Silvia Bournissent y Adriana Collado; revisión y corrección de planimetrias Claudia Montoro; fotografías Guillermo Borghini y diseño de tapa y carátulas Hermes Golinsky. |
| 260 ## - EDITORIAL - PUBLICACION, DISTRIBUCION, ETC. (Pie de imprenta) |
| Lugar de publicacion, distribucion, etc |
Santa Fe (Argentina): |
| Nombre del editor, distribuidor, etc |
Universidad Nacional del Litoral, Centro de Publicaciones, |
| Fecha de publicacion |
1993. |
| 300 ## - DESCRIPCION FISICA |
| Extension |
430p. : |
| Otros detalles fisicos |
fot. byn., |
| -- |
plantas, |
| Dimensiones |
25x23 cm. |
| 520 3# - NOTA DE RESUMEN |
| Nota de resumen, etc. |
Fichaje de obras desde 1660 hasta 1960, realizados por alumnos de la Cátedra de Historia III. El Inventario del Patrimonio Arquitectónico Santafesino trasciende los planos del documento histórico que refleja los momentos principales de la construcción de una ciudad. Como registro fe una época, que abarca desde la ubicación definitiva de la ciudad en su actual emplazamiento, hasta 1960, el libro documenta los hechos físicos y su relación con las situaciones cruciales que configuraron, desde lo político y social, la imagen de Santa Fe. |
| 650 #4 - MATERIA - TERMINO TEMATICO |
| Término temático general |
Historia |
| 650 #4 - MATERIA - TERMINO TEMATICO |
| Término temático general |
Arquitectura |
| 650 #4 - MATERIA - TERMINO TEMATICO |
| Término temático general |
Inventario urbano |
| 651 #4 - MATERIA - NOMBRE GEOGRAFICO |
| Termino geografico |
Santa Fe (Argentina) |
| 9 (RLIN) |
62 |
| 700 1# - ENTRADA SECUNDARIA - NOMBRES PERSONALES |
| Nombre personal |
Reinante, Carlos María |
| 9 (RLIN) |
27517 |
| Función |
dir. |
| 700 ## - ENTRADA SECUNDARIA - NOMBRES PERSONALES |
| 9 (RLIN) |
18504 |
| Nombre personal |
Collado, Adriana. |
| Función |
comp. |
| 700 1# - ENTRADA SECUNDARIA - NOMBRES PERSONALES |
| Nombre personal |
Bessone, Miriam. |
| 9 (RLIN) |
27518 |
| Función |
comp. |
| 700 1# - ENTRADA SECUNDARIA - NOMBRES PERSONALES |
| Nombre personal |
Bournissent, Silvia. |
| 9 (RLIN) |
27519 |
| Función |
comp. |
| 700 1# - ENTRADA SECUNDARIA - NOMBRES PERSONALES |
| Nombre personal |
Montoro, Claudia. |
| 9 (RLIN) |
27520 |
| Función |
revisión |
| 700 1# - ENTRADA SECUNDARIA - NOMBRES PERSONALES |
| Nombre personal |
Borghini, Guillermo. |
| 9 (RLIN) |
27521 |
| 700 1# - ENTRADA SECUNDARIA - NOMBRES PERSONALES |
| Nombre personal |
Golinsky, Hermes. |
| 9 (RLIN) |
27522 |
| 908 ## - SOPORTE |
| Soporte |
Imp |
| 942 ## - FUENTE DE CLASIFICACION |
| Clasificacion |
Universal Decimal Classification |
| Tipo de item |
Libro |
| 945 ## - INFORMACION DE PROCESAMIENTO |
| Fecha de ingreso o modificacion |
2025-10-22 |
| 980 ## - DECLARACIÓN DE EQUIVALENCIA O SERIE DE REFERENCIA CRUZADA - NOMBRE / TÍTULO PERSONAL [LOCAL, CANADÁ] |
| Código del operador |
5 |
| Nombre del operador |
María Machado |
| Código del operador que modifico el registro |
5 |
| Nombre del operador que modifico el registro |
María Machado |